| 000 | 00395 a2200145 4500 | ||
|---|---|---|---|
| 005 | 20250618133803.0 | ||
| 020 | _a978-0-340-94975-7 | ||
| 082 | _a150 LAW | ||
| 100 | _aLAWTON, J. | ||
| 245 | _aAQA(A) AS:Psychology | ||
| 260 |
_aOxfordshire, _bPhilip Allan, _c2009. |
||
| 300 |
_aiv, 92p.: ill.; figure. _c30cm. |
||
| 856 |
_yAccess Online book _fPsychology _dwww.philipallan.co.uk |
||
| 942 |
_2ddc _cBKS |
||
| 999 |
_c187 _d187 |
||